Normal view MARC view
  • Mistry, Rohinton

Entry Personal Name

Number of records used in: 1

001 - CONTROL NUMBER

  • control field: 8970

003 - CONTROL NUMBER IDENTIFIER

  • control field: JRU

005 - DATE AND TIME OF LATEST TRANSACTION

  • control field: 20260413105219.0

008 - FIXED-LENGTH DATA ELEMENTS

  • fixed length control field: 260413|| aca||aabn | a|a d

040 ## - CATALOGING SOURCE

  • Original cataloging agency: JRU
  • Transcribing agency: JRU

100 ## - HEADING--PERSONAL NAME

  • Personal name: Mistry, Rohinton

670 ## - SOURCE DATA FOUND

  • Source citation: Work cat.: (JRU)4186: Mistry, Rohinton, A fine Balance, 1997